Dopady prírodných katastrof na environmentálnu migráciu

Dopady prírodných katastrof či degradácie životného prostredia spôsobenej či už ľudským pričinením alebo prirodzene sú rôzne a taktiež ich rozsah sa mení od veľkosti samotnej katastrofy a od oblasti, ktorú zasiahla. Environmentálna politika štátov by mala byť orientovaná na prevenciu a nie odstraňo...

Description complète

Enregistré dans:
Détails bibliographiques
Auteur principal: Pintová, Eva
Format: Chapitre de livre
Langue:slovaque
Sujets:
Tags: Ajouter un tag
Pas de tags, Soyez le premier à ajouter un tag!

MARC

LEADER 00000nla a2200000 4500
001 0183930
005 20240502073142.5
041 0 |a slo 
044 |a SK 
245 1 0 |a Dopady prírodných katastrof na environmentálnu migráciu  |c Eva Pintová 
520 |a Dopady prírodných katastrof či degradácie životného prostredia spôsobenej či už ľudským pričinením alebo prirodzene sú rôzne a taktiež ich rozsah sa mení od veľkosti samotnej katastrofy a od oblasti, ktorú zasiahla. Environmentálna politika štátov by mala byť orientovaná na prevenciu a nie odstraňovanie dopadov. 
610 2 0 |a politika medzinárodná 
610 2 0 |a vzťahy medzinárodné 
610 2 0 |a bezpečnosť medzinárodná 
610 2 0 |a environmentalistika 
610 2 0 |a migrácia 
100 1 |a Pintová, Eva